Yüklüyor......
സാമൂഹ്യപാഠം (Samoohyapadam)
| Yazar: | |
|---|---|
| Materyal Türü: | Printed Book |
| Baskı/Yayın Bilgisi: |
കണ്ണൂർ
കൈരളി
2018
|
| Edisyon: | 2 |
| Konular: |
| LEADER | 00556nam a22001457a 4500 | ||
|---|---|---|---|
| 999 | |c 58593 |d 58593 | ||
| 020 | |a 9789386822673 | ||
| 082 | |a M894.8123 |b SUR/S | ||
| 100 | |a സുരേന്ദ്രൻ,പി (Surendran,P) | ||
| 245 | |a സാമൂഹ്യപാഠം (Samoohyapadam) | ||
| 250 | |a 2 | ||
| 260 | |a കണ്ണൂർ |b കൈരളി |c 2018 | ||
| 650 | |a Malayalam novel-literature |a Fascism -India | ||
| 942 | |c BK | ||
| 952 | |0 0 |1 0 |4 0 |6 M_894_812300000000000_SUR_S |7 0 |9 65696 |a KUCL |c M |d 2020-03-11 |g 110.00 |l 0 |o M894.8123 SUR/S |p 50146 |r 2020-03-11 |w 2020-03-11 |y BK | ||